000
00301nam a22001337a 4500
082
_a
894.812
_b
BHA/B
100
_a
BARUVA,NAVAKANT
245
_a
BENDHANAM
250
_a
FIRST
260
_a
TRIVANDRUM
_b
PRABHATHAM PRINTING&PUBLISHINGCO.
_c
1986
300
_a
143
650
_a
STORY
_z
KERALA
942
_c
BK
999
_c
1432
_d
1432